| 000 | 00455nam a22001697a 4500 | ||
|---|---|---|---|
| 999 |
_c1917 _d1917 |
||
| 003 | URS | ||
| 005 | 20220114141917.0 | ||
| 008 | 190911s1980 ph |||| |||| 00| 0 eng d | ||
| 020 | _a9712305716 | ||
| 040 |
_cURS _beng _drda |
||
| 050 | 1 | 4 |
_aPE1408 _b.T5622 1980 |
| 100 | _aTiempo , Edilberto K. | ||
| 245 | 2 | 0 |
_aCollege writing and reading _bEdilberto K. Tiempo, Edith L. Tiemoo |
| 300 |
_ax, 624 pages _c22 cm. |
||
| 504 | _aIncludes index | ||
| 942 |
_2lcc _cF |
||